Értékmentés Czuczor Gergely Múzeum Andódon

Bibliographic Details
Main Author: Száz, Ildikó, 1970- (Author)
Format: Article
Language:Hungarian
Slovak
PhysicalDescription:Fotogr.
ISSN:1335-6631
Subjects:

MARC

LEADER 00000nab a2200000 a 4500
001 vtls000814624
003 SK-MaSNL
005 20260318124903.0
008 160314c2002 xo 0 hun
015 |a SNBRB2002/11-36574 
035 |a CLN000166279 
040 |a SNKBUCL  |b slo  |c SNKBUCL  |e AACR2 
041 0 |a slo 
044 |a xo  |c SK 
080 |a 069.6.02(437.6):929  |2 UDC-MRF-SK2 
080 |a 82:929:894.511  |2 UDC-MRF-SK2 
080 |a 894.511:929  |2 UDC-MRF-SK2 
080 |a 801-051  |2 UDC-MRF-SK2 
080 |a 2-051  |2 UDC-MRF-SK2 
080 |a 929 Czuczor, Gergely  |2 UDC-MRF-SK2 
100 1 |a Száz, Ildikó,  |d 1970-  |4 aut  |9 103403 
245 1 0 |a Értékmentés  |b Czuczor Gergely Múzeum Andódon  |c Száz Ildikó 
300 |b Fotogr. 
600 1 7 |a Czuczor, Gergely,  |d 1800-1866  |2 snkbucl  |9 119729 
610 2 7 |a Múzeum Gergelya Czuczora (Andovce, Slovensko)  |2 snkbucl  |9 94408 
651 7 |a 404  |2 snkbucl  |9 296361 
655 7 |a články z novín a časopisov  |2 snkbucl  |9 267496 
773 0 |x 1335-6631  |t Szabad újság  |g Roč. 10, č. 41 (2002), s. 3 
850 |a Slovenská národná knižnica v Martine 
852 |a SNK  |b KIS3GCP 
958 |a HU 
958 |a SK 
958 |a LX 
958 |a BX 
999 |c 2256521  |d 2258451